Eneida, La / [por] Virgilio

Shranjeno v:
Bibliografske podrobnosti
Glavni avtor: Virgilio (autor)
Format: Knjiga
Izdaja:10a edición
Serija:Col. "Austral" (1022)
Teme:
Oznake: Označite
Brez oznak, prvi označite!

MARC

LEADER 00000nam^a2200000^u^4500
001 000544171
005 20250521000000.0
008 060220s1000^^^^^^^^^^^^r^^^^^000^0^spa^d
009 20260310131322.649
035 |a FMI 000013270 
037 |a Acervo Xavier Clavigero 
096 |a 2.2/1022/B 
100 |a Virgilio  |e (autor) 
245 1 0 |a Eneida, La / [por] Virgilio 
250 |a 10a edición 
264 |a Madrid : Espasa-Calpe, 1976 
300 |a 242 p. 
336 |a texto  |b txt  |2 rdacontenido 
337 |a sin mediación  |b n  |2 rdamedio 
338 |a volumen  |b nc  |2 rdasoporte 
440 0 |a Col. "Austral" (1022) 
649 |a XX 
650 |a COLECCION "AUSTRAL" 
910 |a Fondo Francisco Migoya Covarrubias S.J. 
920 |a Impresos - Libros 
930 |a Fondos Especiales 
905 |a 134 
901 |a SBC07432  |b IT2  |c ESP  |u 20250521 
902 |a https://opac.biblio.iteso.mx/vufind/Record/000544171